Les recherches sur Google en France en 2015 - Statistiques

Statistiques générales
  • Ce quiz a été pris 217 fois
  • Le résultat moyen est 4 sur 60
Statistiques - réponses
Classement Chanteurs % Correct
9 Emmanuel Macron
66%
4 Nicolas Sarkozy
55%
2 Koh Lanta
31%
7 Kendji Girac
23%
2 Game of thrones
21%
5 Louane Emera
18%
1 Secret Story 9
16%
3 The walking dead
15%
3 Les anges 7
14%
4 Les Marseillais en Thaïlande
14%
1 Adele
13%
1 50 Nuances de Grey
10%
3 Fast and Furious 7
8%
6 Nekfeu
5%
1 Clem
4%
2 Jurassic World
4%
10 Christine and the Queens
3%
9 La France a un incroyable talent
3%
8 Najat Vallaud Belkacem
3%
10 007 Spectre
2%
9 Annie Cordy
2%
9 Birdman
2%
1 Camille Muffat
2%
9 Daredevil
2%
5 Dropped
2%
8 La Famille Bélier
2%
4 Mad Max : Fury Road
2%
8 Marina Kaye
2%
10 Marisol Touraine
2%
7 MasterChef
2%
3 Michel Delpech
2%
6 Minions
2%
1 Myriam El Khomri
2%
9 Stanislas Wawrinka
2%
7 Taken 3
2%
8 The Apprentice
2%
3 Alexis Vastine
1%
5 American Sniper
1%
7 Broadchurch
1%
2 Demis Roussos
1%
4 Dragon ball super
1%
7 Eric Woerth
1%
2 Florence Arthaud
1%
3 Jeannette Bougrab
1%
5 Jean Pierre Jouyet
1%
8 Jerry Collins
1%
6 Jessica Jones
1%
6 Jonah Lomu
1%
4 Jules Bianchi
1%
5 Lamar Odom
1%
2 Michel Rocard
1%
10 Nouvelle Star
1%
7 Patrice Dominguez
1%
6 Patrick Kanner
1%
6 Qui est la taupe?
1%
4 Richard Anthony
1%
8 Sense8
1%
10 Sylvain Potard
1%
5 Une chance de trop
1%
10 Better wall saul
0%
Aucun quiz correspondant
Distribution des résultats
% des personnes avec chaque résultat
Percentile par nombre de réponses
Votre historique - résultats
Vous n’avez pas pris ce quiz